| 000 | 01122cam a22002535a 4500 | ||
|---|---|---|---|
| 005 | 20260312162749.0 | ||
| 008 | 260312t2024 xxk fo 000 0 dut d | ||
| 020 | _a9781783215539 | ||
| 041 | 0 | _adut | |
| 110 | 2 |
_aRoyal Institution of Chartered Surveyors _94900 |
|
| 245 | 0 | 0 |
_aRICS Wereldwijde Taxatiestandaarden _h[electronic resource] |
| 246 | _aDutch translation of RICS Valuation Global Standards | ||
| 260 |
_aLondon, _bRICS, _cDecember 2024 |
||
| 300 | _a195p. | ||
| 490 | _aRICS Red Book | ||
| 500 | _aDe Engelstalige versie van RICS Wereldwijde Taxatiestandaarden (RICS Valuation – Global Standards), gepubliceerd door RICS, is de enige officiële versie van deze standaarden en wordt als definitief referentiekader gebruikt voor regelgevende doeleinden | ||
| 520 | _aPublished December 2024, effective from 31 Jan 2025 | ||
| 650 | 2 | 4 | _aRED BOOK |
| 650 | 2 | 4 | _aGLOBAL VALUATION STANDARDS 2022 |
| 651 | 4 | _aInternational | |
| 690 |
_aValuation _96273 |
||
| 856 | 4 | 0 |
_uhttps://www.rics.org/content/dam/ricsglobal/documents/standards/Red-Book-Global-Dutch.pdf _zAvailable on RICS.org |
| 942 |
_n0 _2ddc |
||
| 999 |
_c122326 _d122326 |
||